[Event "EU-ch Amateur U1700"]
[Site "Zagreb"]
[Date "2022.08.14"]
[Round "1"]
[White "Spudic, Niko Karlo"]
[Black "Kobali, Borislav"]
[Result "0-1"]
[WhiteElo "1352"]
[BlackElo "1661"]
[PlyCount "78"]
[EventDate "2022.08.14"]
[EventType "swiss"]
[EventRounds "9"]
[EventCountry "CRO"]
[SourceTitle "CBM 210 Extra"]
[Source "ChessBase"]
[SourceDate "2022.11.30"]
[SourceVersion "1"]
[SourceVersionDate "2022.11.30"]
[SourceQuality "1"]

1. e4 c6 2. Nc3 d5 3. d4 dxe4 4. Nxe4 Nf6 5. Nxf6+ exf6 6. Nf3 Bd6 7. Bc4 Be6 8. d5 cxd5 9. Bb5+ Nc6 10. Nd4 Bd7 11. Qe2+ Qe7 12. Qxe7+ Bxe7 13. Nxc6 Bxc6 14. Bd3 0-0 15. 0-0 Bd6 16. Re1 Rfe8 17. Be3 b6 18. Rad1 Bc5 19. Bd2 Rxe1+ 20. Rxe1 Re8 21. Kf1 Rxe1+ 22. Kxe1 g6 23. f3 Kg7 24. Ke2 f5 25. Be3 Kf6 26. c3 g5 27. a3 Bxe3 28. Kxe3 Ke5 29. g3 f4+ 30. Kf2 h6 31. g4 Bd7 32. h3 b5 33. b3 d4 34. c4 bxc4 35. Bxc4 Be6 36. Ke2 Bxc4+ 37. bxc4 Kd6 38. a4 Kc5 39. Kd3 a5 0-1

[Event "Topusko Amateur op 6th"]
[Site "Topusko"]
[Date "2017.08.17"]
[Round "7"]
[White "Zivcic, Oliver"]
[Black "Spudic, Niko Karlo"]
[Result "1-0"]
[WhiteElo "1661"]
[BlackElo "1619"]
[PlyCount "93"]
[EventDate "2017.08.12"]
[EventType "swiss"]
[EventRounds "9"]
[EventCountry "CRO"]
[SourceTitle "CBM 180 Extra"]
[Source "ChessBase"]
[SourceDate "2017.10.06"]
[SourceVersion "1"]
[SourceVersionDate "2017.10.06"]
[SourceQuality "1"]

1. d4 e6 2. e4 d5 3. e5 f6 4. Nf3 fxe5 5. Nxe5 Bd6 6. Qh5+ g6 7. Nxg6 hxg6 8. Qxh8 Kf8 9. Bh6+ Ke7 10. Qg7+ Ke8 11. Qxg8+ Kd7 12. Qf7+ Be7 13. Qxg6 Nc6 14. c3 a6 15. Be2 b5 16. Bg4 Kd6 17. Bf4+ Ne5 18. Bxe5+ Kc6 19. Bxe6 Bxe6 20. Qxe6+ Bd6 21. Bxd6 cxd6 22. 0-0 Rb8 23. Nd2 Qg5 24. Nf3 Qd8 25. h3 a5 26. Rfe1 a4 27. Qe7 Qd7 28. Qxd7+ Kxd7 29. a3 Kc6 30. Nd2 Kc7 31. Re7+ Kc6 32. Rf1 Rd8 33. f4 Rf8 34. f5 Rf6 35. Re6 Rf8 36. f6 Rf7 37. Re7 Rf8 38. f7 Rh8 39. f8Q Rxf8 40. Rxf8 Kb6 41. g4 Kc6 42. g5 Kb6 43. g6 Kc6 44. g7 Kb6 45. g8Q b4 46. Rb8+ Kc6 47. Qc8# 1-0